00497cam a22001692 4500001001100000005001700011008004100028020001700069040001600086100003300102245006600135250001300201260004000214300002600254650004400280852000300324000002540920151217154534.0150909s xx 000 0 eng d a9966153296 : aKABUlcKABU1 aOdoki, Benjamin.@000018606212aA guide to criminal procedure in Uganda /cby Benjamin Odoki. a 3rd ed. aNairobi, Kenya :blawAfrica,c2011. axix, 272 p. ;c cm. 0aCriminal procedurezUganda.@00001814671